00645nam a22002177a 450000500170000000800410001701000150005802000260007303500130009903700130011204000170012508200080014210000240015024500860017425000110026026000390027127000440031030000300035450000190038470000240040320120912145616.0120912t xxu||||| |||| 00| 0 eng d aENG-105863 a9789380599663c400.00 aEN-89396 bDBAD/PUB aDPLbEnglish a616 aRay, Ardhendu Sinha aEssentials of internal medicine /cby Ardhendu Sinha Ray [and] Abhishek Sinha Ray a2nd ed aKolkatabAcademic Publishersc2012 a5A, Bhawani Dutta LanebKolkatae700073 a440 p. :c30cm(pbk)bill. aIncludes index aRay, Abhishek Sinha